000 00603nam a2200241Ia 4500
003 OSt
005 20220928115506.0
006 a|||||r|||| 00| 0
007 ta
008 220927b |||||||| |||| 00| 0 eng d
024 _a32676
037 _cTextual
040 _aSDCL
_cSDCL
_beng
041 _2eng
_aeng
082 _aX:(G:55), P7
100 _aDobson Andrew
_9444575
245 0 _aGreen political thought
250 _a4
260 _aLondon
_bRoutledge
_c2007
300 _axi,225p
_ccm.
942 _hX:(G:55), P7
_cTEXL
_2CC
999 _c759641
_d759641